[Event "RUS-chT Blitz Men 2018"]
[Site "Sochi"]
[Date "2018.10.10"]
[Round "10"]
[White "Mochalin, Faddey"]
[Black "Lugovskoy, Maxim"]
[Result "0-1"]
[WhiteElo "2032"]
[BlackElo "2428"]
[Annotator "TA"]
[PlyCount "82"]
[EventDate "2018.10.10"]
[EventType "swiss"]
[EventCountry "RUS"]
[SourceTitle "playchess.com"]
[Source "ChessBase"]
[SourceQuality "1"]

{[%evp 18,82,37,34,35,30,41,25,48,44,53,29,30,0,0,0,0,-56,-5,-5,-11,-11,-8,-32,-27,-29,0,0,0,0,39,45,71,19,54,70,78,38,31,-113,44,27,43,0,15,-29,46,54,67,56,184,95,113,0,192,70,317,-962,-929,-29978,-29979,-29976,-29977,-29997,-29998,-29998,-29999]} 1. d4 d5 2. c4 e6 3. Nc3 a6 4. cxd5 exd5 5. Bf4 (5. Qb3 Nf6 6. Bg5 c6 7. e4 dxe4 8. Bc4 Qe7 9. a4 h6 10. Bxf6 gxf6 11. Nge2 f5 12. a5 Bg7 {½-½ (58) Dubov,D (2691)-Fedoseev,V (2707) Satka 2018}) 5... c6 6. Qc2 {D31: Queen's Gambit Declined: Semi-Slav without ...Nf6 (+ Marshall Gambit and Noteboom) and Exchange Variation lines without ...Nf6} Bd6 7. Bxd6 Qxd6 8. e3 Nf6 9. Bd3 Nbd7 10. Nf3 {LiveBook: 7 Games} O-O 11. O-O Re8 12. Rab1 Nf8 $146 ({Predecessor:} 12... c5 13. dxc5 Nxc5 {½-½ (59) Rombaldoni,D (2504)-Garcia Palermo,C (2475) Sarre 2009}) 13. b4 Ng6 14. a4 Bg4 15. Be2 (15. Nd2 {seems wilder.} Nh4 16. Rfc1 g6 17. b5 cxb5 18. axb5 a5 19. Qb3) 15... Ne4 16. Nxe4 dxe4 17. Ne1 ({White should play} 17. Ng5 $11 Bxe2 18. Qxe2) 17... Bf5 (17... Bxe2 $15 18. Qxe2 Ne7) 18. g3 $11 Ne7 19. Ng2 Nd5 20. Qd2 Bh3 21. Rfc1 Qf6 22. b5 axb5 23. axb5 h5 24. bxc6 bxc6 25. Rc5 (25. Bxh5 $16 Ra3 26. Ra1 Rxa1 27. Rxa1) 25... Bxg2 26. Kxg2 h4 27. Qc1 Re6 28. Rb7 (28. Ra1 $14 Rb8 29. Kg1) 28... Ra2 $2 (28... Qf5 $1 $17 29. g4 h3+ 30. Kf1 Qf6) 29. Rb2 $14 Ra8 30. Qe1 Qf5 {And now ...hxg3 would win.} 31. Kg1 (31. g4 $5 {[%cal Rg4f5]} h3+ 32. Kxh3 Qh7+ 33. Kg2 $11) 31... Rh6 ({Black should try} 31... hxg3 $11 32. fxg3 Qg5) 32. g4 Qg5 33. h3 $1 Rf6 {[#]} (33... Kh7 $14) 34. Rbc2 (34. Qc1 $1 $18) 34... Qh6 $16 35. Qc1 (35. Bf1 $16) 35... Nb4 $2 (35... Rxf2 $1 $11 36. Kxf2 Ra1 37. Qxa1 Qxe3+ 38. Kg2 Qg3+ 39. Kh1 Qxh3+ 40. Kg1 Qg3+ 41. Kh1 Qh3+ 42. Kg1 Qg3+ 43. Kh1 Qh3+) 36. R2c4 (36. Rb2 $18 Nd5 {[#]} 37. Bb5 $1 {[%mdl 512]}) 36... Ra2 $2 (36... Nd3 $1 $14 37. Bxd3 exd3) 37. Bf1 $4 {[%mdl 8192]} (37. Rxb4 $18 Rxe2 38. Rb8+ (38. Rh5 Rfxf2 39. Rxh6 Rg2+ 40. Kf1 gxh6 $11) 38... Kh7 39. Rb2 (39. Rh5 Qxh5 40. gxh5 Rfxf2 $11) 39... Rxb2 40. Qxb2) 37... Rfxf2 {Threatens to win with ...Qf6.} 38. Rxb4 Qd6 {[%csl Ga2,Gf2][%cal Rd6h2] Black mates.} 39. Re5 Qxb4 40. Qxc6 {[#]} Rxf1+ $1 {[%mdl 512]} 41. Kxf1 Qb1+ {Precision: White = 29%, Black = 24%.} 0-1

[Event "RUS-chT Blitz Men 2018"]
[Site "Sochi"]
[Date "2018.10.10"]
[Round "10"]
[White "Girshgorn, Leonid"]
[Black "Chigaev, Maksim"]
[Result "0-1"]
[WhiteElo "1925"]
[BlackElo "2599"]
[Annotator "TA"]
[PlyCount "83"]
[EventDate "2018.10.10"]
[EventType "swiss"]
[EventCountry "RUS"]
[SourceTitle "playchess.com"]
[Source "ChessBase"]
[SourceQuality "1"]

{[%evp 12,83,68,58,103,64,105,48,90,0,0,0,0,0,62,65,84,-68,54,55,71,64,60,16,2,10,28,28,28,28,29,30,37,-99,-99,-99,-99,-99,-99,-99,-99,-99,-99,-116,-99,-99,-99,-177,-176,-179,-179,-195,-195,-191,-193,-200,-197,-224,-167,-179,-181,-196,-146,-204,-186,-203,-199,-317,-341,-332,-281,-281,-281,-345]} 1. d4 Nf6 2. Bf4 g6 3. Nc3 Bg7 4. e4 d6 5. Qd2 O-O 6. O-O-O Nc6 {B07: Pirc Defence: Miscellaneous Systems} 7. f3 {LiveBook: 4 Games} (7. Nf3 Bg4 8. Qe3 Nd7 9. Bg5 Qe8 10. Bh6 Bxf3 11. gxf3 e5 12. Bxg7 Kxg7 13. dxe5 Qxe5 14. Nd5 Nf6 15. Nxc7 {1-0 (48) Mamedov,R (2655)-Grischuk,A (2747) Almaty 2016}) 7... Nd7 8. Nge2 $146 ({Predecessor:} 8. Bh6 e5 9. Nge2 a6 10. h4 b5 11. Nd5 Re8 12. Kb1 Bh8 13. c3 {1-0 (24) Swicarz,M (2378)-Morgunov,M (2133) Krakow 2017}) 8... e5 {White is slightly better.} 9. dxe5 (9. Bh6 $16) 9... Ncxe5 10. Bh6 (10. b3 $16) 10... Nc4 $11 11. Qf4 Be5 $1 {[%cal Re5f4]} 12. Qg5 $1 Qxg5+ (12... Bf6 $1 $11 13. Qb5 Ndb6) 13. Bxg5 $14 Ndb6 14. Bf4 $2 {[#]} ({Better is} 14. b3 $16) 14... Be6 ({Black should try} 14... Nxb2 $1 $15 {[%mdl 512]} 15. Kxb2 Na4+ 16. Ka3 Nxc3 17. Nxc3 Bxc3) 15. b3 Na5 16. Nb5 Rfc8 17. c4 Nc6 18. Be3 a6 19. Nbd4 a5 20. Nxe6 fxe6 {[%cal Bf7e6,Be6e5][%mdl 32]} 21. a4 Nd7 22. Nd4 (22. f4 $14 {stays ahead.} Bg7 23. g3) 22... Bxd4 $17 23. Bxd4 Nxd4 24. Rxd4 Nc5 25. Kc2 e5 $36 {[%mdl 2048] Black has strong initiative.} 26. Rd2 Rf8 27. Be2 Kg7 28. h4 h6 29. g3 (29. Rdd1 $17) 29... Rf6 $19 30. Rhd1 Raf8 31. Kc3 b6 32. Kc2 Kf7 33. Rh1 Ke7 34. Rhd1 Rg8 35. Rh1 Rf7 36. Kc3 h5 37. Kc2 (37. b4 $17 axb4+ 38. Kxb4) 37... g5 38. hxg5 Rxg5 39. Rdd1 (39. f4 $142 exf4 40. gxf4 Rxf4 41. Rxh5 Rxh5 42. Bxh5) 39... Rxg3 {Black has a decisive advantage.} 40. Rxh5 Rg2 41. Rd2 Ne6 42. Bf1 {Precision: White = 35%, Black = 71%.} 0-1

[Event "RUS-chT Blitz Men 2018"]
[Site "Sochi"]
[Date "2018.10.10"]
[Round "11"]
[White "Kamsky, Gata"]
[Black "Demidov, Mikhail"]
[Result "1/2-1/2"]
[WhiteElo "2666"]
[BlackElo "2514"]
[Annotator "TA"]
[PlyCount "114"]
[EventDate "2018.10.10"]
[EventType "swiss"]
[EventCountry "RUS"]
[SourceTitle "playchess.com"]
[Source "ChessBase"]
[SourceQuality "1"]

{[%evp 9,113,-12,15,5,11,18,22,-6,3,-9,-7,0,19,-25,27,7,44,0,5,0,5,0,0,0,0,0,0,4,16,10,12,14,14,-3,-3,-17,-16,-29,33,27,46,27,50,53,66,56,64,64,77,56,54,50,70,68,67,68,69,68,83,10,10,10,10,10,10,14,22,0,54,54,74,0,0,0,0,0,0,0,0,0,0,0,0,0,0,0,0,0,0,0,0,0,0,0,0,0,0,0,0,0,0,0,0,0,0,0]} 1. d4 Nf6 2. Nf3 d5 3. Bf4 e6 4. Nbd2 Bd6 5. Bg3 c5 6. e3 {D02: 1 d4 d5 2 Nf3 sidelines, including 2...Nf6 3 g3 and 2...Nf6 3 Bf4} Qc7 (6... O-O 7. c3 Qc7 8. Bd3 Nbd7 9. O-O b6 10. e4 Bxg3 11. hxg3 dxe4 12. Nxe4 Bb7 13. Qe2 Rfd8 14. Rad1 cxd4 15. Nxd4 a6 16. Rfe1 h6 {½-½ (37) So,W (2815)-Carlsen,M (2832) chess.com INT 2017}) 7. dxc5 Qxc5 8. Bd3 $146 ({Predecessor:} 8. Nb3 Qc7 9. Bxd6 Qxd6 10. c4 Nc6 11. a3 O-O 12. cxd5 Qxd5 13. Qc2 Rd8 {½-½ (39) Skoberne,J (2553)-Meier,G (2647) chess.com INT 2018}) 8... Nbd7 9. c4 Bxg3 10. hxg3 dxc4 11. Bxc4 b5 (11... O-O $142) 12. Be2 $11 Bb7 13. Nb3 (13. Rc1 $5 {[%cal Rc1c5]} Qb4 14. Rh4 $14) 13... Qb6 14. Qd4 Qxd4 15. Nbxd4 a6 16. a4 bxa4 17. Rxa4 Ke7 18. O-O Rhb8 19. Rfa1 g6 20. Nd2 e5 21. Nc2 Bc6 22. R4a2 Bd5 23. Bc4 Nb6 (23... Bxc4 $11 24. Nxc4 Rc8) 24. Bxd5 $14 Nbxd5 25. Nc4 Rc8 26. b3 Rcb8 27. Nxe5 {[#] Nc6+ is the strong threat.} Rxb3 28. Nd4 Rb6 29. Nc4 Rb7 30. f3 Kf8 31. Rxa6 Rxa6 32. Rxa6 Rb4 33. Rc6 Kg7 34. g4 (34. e4 $16 Ne3 35. Nxe3 Rxd4 36. g4) 34... Nxe3 $1 $11 35. Ne6+ fxe6 36. Nxe3 {[%mdl 4096] Endgame KRN-KRN} Kf7 37. Rc7+ Kg8 38. Rc6 Nd5 (38... Kf7 $11) 39. Rxe6 $14 Rb1+ {[#]} 40. Kh2 (40. Nf1 $1 $16) 40... Re1 $1 $11 {The position is equal.} 41. Rxg6+ $1 hxg6 42. Nxd5 {KR-KN} Kf7 43. Kg3 Rd1 44. Nc3 Rd3 45. Ne4 Ra3 46. Kf4 Ra2 47. g3 Ra5 48. g5 Ra4 49. Kg4 Ke6 50. Kf4 Rb4 51. g4 Ra4 52. Kg3 {Threatens to win with Nc5+.} Ke5 53. Nf6 Rd4 54. Ne4 Rxe4 55. fxe4 Kxe4 56. Kh3 Kf3 57. Kh4 Kg2 $2 {[%mdl 8192] Precision: White = 65%, Black = 56%.} (57... Kf4) 1/2-1/2

[Event "RUS-chT Blitz Men 2018"]
[Site "Sochi"]
[Date "2018.10.10"]
[Round "11"]
[White "Motylev, Alexander"]
[Black "Remizov, Yaroslav"]
[Result "1-0"]
[WhiteElo "2661"]
[BlackElo "2315"]
[Annotator "TA"]
[PlyCount "87"]
[EventDate "2018.10.10"]
[EventType "swiss"]
[EventCountry "RUS"]
[SourceTitle "playchess.com"]
[Source "ChessBase"]
[SourceQuality "1"]

{[%evp 15,87,60,70,88,82,14,39,11,59,58,62,53,79,73,158,0,90,89,90,88,74,86,68,68,174,167,270,-47,191,184,296,159,203,107,292,273,298,280,258,244,198,0,152,147,180,187,477,472,1049,1012,927,877,964,1056,1127,1074,6079,5333,5649,5708,5202,3482,6729,6841,5800,4614,29960,5816,29976,29978,29981,29982,29982,29982]} 1. e4 c5 2. Nf3 d6 3. d4 cxd4 4. Nxd4 Nf6 5. Nc3 g6 6. Be3 Bg7 7. f3 a6 8. Qd2 Nbd7 9. g4 {B75: Sicilian Dragon: Yugoslav Attack, Miscellaneous} (9. a4 Ne5 10. Be2 Bd7 11. a5 Rc8 12. g4 Nc4 13. Bxc4 Rxc4 14. g5 Nh5 15. Nd5 O-O 16. Nb6 Rc7 {0-1 (67) Bacrot,E (2725)-Adhiban,B (2655) Riadh 2017}) 9... b5 10. g5 ({White should play} 10. h4 $16) 10... Nh5 $1 $11 11. a4 {White is slightly better.} b4 12. Nd5 {[%cal Bc3d5,Bd5b4,Bb4c6][%mdl 32] [#] And now Nc6 would win.} Bb7 13. Nxb4 O-O 14. Nbc6 $36 {[%mdl 2048] White is on the roll.} Qc7 $146 (14... Bxc6 $142 15. Nxc6 Qe8) ({Predecessor:} 14... Qe8 15. Na5 Qc8 16. Bh3 Qc7 17. Nxb7 Qxb7 {1-0 (39) Gubo,J (1829)-Henke,S (1502) LSS email 2012}) 15. Qa5 $2 ({White has to play} 15. Nxe7+ $16 Kh8 16. c4) 15... Rfc8 (15... Nb6 $1 $11 {remains equal.}) 16. Nxe7+ $16 Kf8 17. Qxc7 Rxc7 18. Nd5 Bxd5 19. exd5 Re8 (19... Bxd4 $14 20. Bxd4 Rxc2) 20. Kd2 $18 Nb6 (20... Nc5 $142) 21. Bxa6 $2 (21. Nb5 $18 Rxc2+ 22. Kxc2 Rxe3 23. Nxd6) 21... Nxd5 $2 (21... Rxe3 $1 $15 {keeps the upper hand.} 22. Kxe3 Nxd5+ 23. Ke2 (23. Ke4 Nhf4 $17) 23... Bxd4) 22. Bf2 Nb4 (22... Nhf4 $142) 23. Bd3 (23. Bb5 $18) 23... Nf4 {[#]} 24. Rhe1 (24. Bg3 $1 $18 {[%cal Rg3f4]} Nbxd3 25. cxd3 Bxd4 26. Bxf4) 24... Rxe1 $2 (24... Nfxd3 $16 25. Rxe8+ (25. cxd3 Bxd4 26. Rxe8+ Kxe8 $16) 25... Kxe8 26. cxd3 Bxd4 27. Bxd4 Rc2+ 28. Ke3 Rxh2) 25. Rxe1 Nfxd3 26. cxd3 Bxd4 27. Bxd4 $16 {[%mdl 4096] Endgame KRB-KRN} Rc2+ 28. Ke3 $2 (28. Kd1 $18 Rxh2 29. a5) 28... Rxh2 $2 ({Black should try} 28... Rc7 $11) 29. Rg1 Nc2+ 30. Ke4 Nxd4 $2 (30... Ke8 {is a better defense.} 31. Bc3 Re2+ 32. Kd5 Kd7) 31. Kxd4 $18 Rxb2 {KR-KR} (31... Ke8 $142 32. b4 Kd7) 32. Ra1 Ke7 33. a5 {[%cal Ba4a5,Ba5a6,Ba6a7][%mdl 32]} Kd7 34. a6 {Threatens to win with a7.} Rb4+ 35. Kd5 {aiming for a7.} Rb5+ 36. Kc4 Rb8 37. a7 Ra8 38. Kb5 Kc7 39. Ka6 d5 40. Rc1+ Kd6 41. Kb7 Rxa7+ 42. Kxa7 {White mates.} Ke5 43. Rh1 f6 44. gxf6 {Precision: White = 48%, Black = 21%.} 1-0

[Event "RUS-chT Blitz Men 2018"]
[Site "Sochi"]
[Date "2018.10.10"]
[Round "11"]
[White "Morozevich, Alexander"]
[Black "Vastrukhin, Oleg"]
[Result "1-0"]
[WhiteElo "2656"]
[BlackElo "2413"]
[Annotator "TA"]
[PlyCount "85"]
[EventDate "2018.10.10"]
[EventType "swiss"]
[EventCountry "RUS"]
[SourceTitle "playchess.com"]
[Source "ChessBase"]
[SourceQuality "1"]

{[%evp 19,85,20,37,20,31,9,35,0,0,-19,-24,-34,0,-80,-73,-77,2,27,100,93,96,0,81,89,149,153,147,130,101,123,359,357,343,361,352,328,287,277,244,232,216,262,1795,1551,1227,269,266,253,206,196,339,256,248,252,252,218,181,-29988,-789,-789,-731,-627,55,0,12843,12843,12844,12844]} 1. e4 e6 2. d4 d5 3. Nc3 Bb4 4. e5 c5 5. a3 Bxc3+ 6. bxc3 Nc6 7. Qg4 g6 8. Nf3 Qa5 9. Bd2 c4 {C18: French: 3 Nc3 Bb4: Main line: 7 h4 and 7 Qg4} (9... Qa4 10. Be2 c4 11. Ra2 Bd7 12. Qh4 h6 13. O-O Nce7 14. Bg5 Bc6 15. g4 Qa5 16. Rb1 Nc8 17. a4 {1-0 (57) Volokitin,A (2695)-Ponomariov,R (2723) San Sebastian 2012}) 10. a4 Bd7 {LiveBook: 8 Games} 11. Qf4 h6 {The position is equal.} 12. Be2 $146 ({Predecessor:} 12. h4 Nge7 13. g3 O-O-O 14. Bg2 Kb8 15. Nh2 Nf5 {0-1 (72) Fawzy,A (2431)-Nikolaidis,I (2544) Tirana 2018}) 12... Nge7 13. g4 O-O-O 14. h3 Rdf8 15. Kf1 g5 16. Qg3 (16. Qe3 $11 {remains equal.}) 16... f5 $17 17. exf6 Rxf6 ({Better is} 17... Ng8 $1 $17 {[%cal Rg8f6]} 18. Ne5 Nxf6 19. Nxc6 Bxc6) 18. h4 $11 Rhf8 (18... gxh4 $11 {keeps the balance.} 19. Rxh4 Rhf8) 19. hxg5 $16 hxg5 20. Be1 (20. Ke1 $1 $16) 20... Ng6 (20... Qb6 $11) 21. Nxg5 {[%cal Bf3g5,Bg5h7,Bh7f6][%mdl 32]} e5 (21... Rg8 $142) 22. Nh7 $1 $36 {[%cal Rh7f6][%mdl 2048] White is really pushing.} Rh8 23. Nxf6 Rxh1+ 24. Kg2 Rxe1 $2 (24... Nxd4 $16 25. Kxh1 Nxe2) 25. Rxe1 $18 Nxd4 26. Bd1 Ne6 27. g5 Nef4+ 28. Kh2 Bxa4 {[#]} 29. Rxe5 $3 {[%mdl 512]} Nxe5 30. Qxf4 Qxc3 $2 (30... Qc7 31. Qf5+ (31. Nxd5 Qd6 $16) 31... Bd7 32. Nxd7 Nxd7+ 33. f4 Qc5) 31. Nxd5 Qe1 {[#]} 32. Bg4+ $2 (32. g6 $1 {[%mdl 512] Black must now prevent g7.} Nf3+ (32... Nxg6 33. Qc7#) 33. Bxf3 Qxf2+ 34. Kh3 Bd7+ 35. Bg4 Bxg4+ 36. Qxg4+ Kd8 37. Qg5+ Kd7 38. Nf6+ Ke6 39. Qd5+ Kxf6 40. Qf7+ Ke5 41. Qxf2) 32... Nxg4+ 33. Qxg4+ Kd8 {[#]} 34. Qd4 $1 {Threatens to win with g6.} Bc6 (34... Qe6 $142 35. Nf4+ Qd7) 35. g6 {Intending g7 and mate.} Ke8 36. Qh8+ Kd7 {[#]} 37. Qg7+ $1 Kd6 38. Ne3 $4 {[%mdl 8192]} (38. Qf6+ $18 Qe6 39. Qd8+ Kc5 40. Nf4 (40. Qa5+ Kd6 $14)) 38... Qh1+ (38... Qxf2+ $142 39. Kh3 Qxe3+ 40. Kg4 Bf3+ 41. Kg3 Bd5+ 42. Kh4 Qf4+ 43. Kh3 Bf3 44. Qf6+ Qxf6 45. Kg3 Be4 46. g7 Qxg7+ 47. Kf4 Qg2 48. c3 Qf3+ 49. Kg5 Qg3+ 50. Kh5 Ke5 51. Kh6 Qg6#) 39. Kg3 $19 Qg1+ 40. Kh3 Qxf2 $2 (40... Bd7+ $19 41. Ng4 Qxg4+ 42. Kh2 Qf4+ 43. Kg2 Qg4+ 44. Kh2 Qf4+ 45. Kg1 Bc6) 41. Qd4+ ({White should try} 41. Nxc4+ $14 Kc5 42. Qe7+ Kd4 43. c3+ Kxc3 44. Ne3 Bd7+ 45. Qxd7 Qxe3+ 46. Kg4 Qe4+ 47. Kg5 Qe5+ 48. Qf5 Qg3+ 49. Kf6 Qd6+ 50. Kg7 Qe7+ 51. Qf7) 41... Kc7 $2 {[%mdl 8192]} (41... Ke6 $11) 42. Nd5+ $18 Bxd5 43. Qxf2 {Precision: White = 50%, Black = 43%.} 1-0

[Event "RUS-chT Blitz Men 2018"]
[Site "Sochi"]
[Date "2018.10.10"]
[Round "11"]
[White "Alekseenko, Kirill"]
[Black "Rakhmanov, Aleksandr"]
[Result "0-1"]
[WhiteElo "2639"]
[BlackElo "2634"]
[Annotator "TA"]
[PlyCount "102"]
[EventDate "2018.10.10"]
[EventType "swiss"]
[EventCountry "RUS"]
[SourceTitle "playchess.com"]
[Source "ChessBase"]
[SourceQuality "1"]

{[%evp 12,102,33,16,16,0,0,-5,23,22,18,21,25,20,32,31,26,15,34,16,34,0,0,-20,46,29,88,0,0,-60,-60,-88,-37,-144,-132,-132,-132,-154,-156,-154,-154,-297,-293,-299,-288,-302,-302,-294,-287,-287,-263,-357,-360,-412,-407,-487,-482,-463,-477,-457,-407,-395,-389,-527,-389,-451,-375,-475,-450,-502,-417,-582,-527,-727,-725,-712,-705,-690,-659,-638,-659,-658,-613,-1641,-1573,-1404,-1411,-9311,-10100,-6660,-7232,-5722,-2054]} 1. e4 c5 2. Nc3 Nc6 3. Bb5 Nd4 4. Nf3 a6 5. Bd3 Nxf3+ 6. Qxf3 e6 7. O-O Ne7 {[%cal Bg8e7,Be7c6,Bc6d4][%mdl 32] B30: Sicilian: 2...Nc6 3 Bb5, lines without ...g6} (7... Bd6 8. Be2 Qc7 9. Qh3 Ne7 10. d3 Ng6 11. g3 h5 12. f4 h4 13. Qg2 hxg3 14. hxg3 Be7 15. Be3 {1-0 (50) Alekseenko,K (2590)-Krasenkow,M (2671) Stockholm 2018}) 8. Be2 $146 ({Predecessor:} 8. b3 Nc6 9. Qg3 g6 10. Bb2 Bg7 11. Na4 Bxb2 12. Nxb2 O-O 13. e5 b5 14. Be4 Bb7 15. Bxc6 Bxc6 {1-0 (55) Gurgenidze,B (2445)-Chekhov,V (2495) Kharkov (Ukraine) 1985}) 8... Nc6 9. Qg3 Nd4 {The position is equal.} 10. Bd1 h5 {[%cal Bh7h5,Bh5h4][%mdl 32]} 11. h3 h4 12. Qe3 b5 13. Ne2 Nxe2+ 14. Bxe2 Bb7 15. a4 b4 16. d4 (16. b3 $14) 16... cxd4 $11 17. Qxd4 Qc7 (17... Qf6 $11 18. e5 Qg6) 18. Rd1 $14 Bc5 (18... Bc6 $11 {remains equal.}) 19. Qd3 ({White should try} 19. Qxg7 $16 Rf8 20. Bh6) 19... Rd8 20. c4 (20. a5 $11) 20... Qg3 $15 21. Rf1 {[#]} a5 (21... f5 $1 $17 {[%mdl 512]} 22. Bf3 (22. exf5 Qxg2#) 22... Qe5 23. exf5 Bxf3 24. Qxf3 Bd6) 22. b3 ({Better is} 22. Bf3 $1 $15) 22... Qe5 23. Be3 Bxe3 $40 {[%mdl 128] Black is out for blood.} 24. fxe3 Qxe4 25. Qxe4 Bxe4 26. Rad1 {[#]} (26. Bf3 $17 Bxf3 27. Rxf3) 26... Bc2 $1 $19 27. Rd2 Bxb3 28. Rb2 Bxa4 29. Ra1 Bc6 {...Ra8 is the strong threat.} 30. Rxa5 Rb8 31. Ra1 Ke7 32. Rab1 Be4 33. Ra1 Rhc8 34. Ra4 b3 35. Bd1 Bc6 36. Ra3 Rb4 37. c5 Rc4 {Hoping for ...Rc1.} 38. Raxb3 Rxc5 39. Kh2 g5 40. Rd2 Ra8 41. Rb1 Rca5 {Black is clearly winning.} 42. Bh5 Ra2 43. Rbd1 Rxd2 44. Rxd2 {[%mdl 4096] Endgame KRB-KRB} f5 45. Kg1 Ra3 46. Kf2 Bd5 47. Bf3 Ra2 48. Rxa2 Bxa2 49. e4 fxe4 50. Bxe4 d5 51. Bd3 e5 {Precision: White = 39%, Black = 66%.} (51... d4 $142 52. g4 hxg3+ 53. Kxg3 e5) 0-1

[Event "RUS-chT Blitz Men 2018"]
[Site "Sochi"]
[Date "2018.10.10"]
[Round "11"]
[White "Paravyan, David"]
[Black "Bocharov, Ivan"]
[Result "0-1"]
[WhiteElo "2629"]
[BlackElo "2563"]
[Annotator "TA"]
[PlyCount "104"]
[EventDate "2018.10.10"]
[EventType "swiss"]
[EventCountry "RUS"]
[SourceTitle "playchess.com"]
[Source "ChessBase"]
[SourceQuality "1"]

{[%evp 19,104,52,58,20,40,39,39,28,29,7,5,0,28,22,32,44,57,61,52,22,123,0,6,8,44,44,44,44,45,45,48,27,52,55,57,-8,-8,-81,-22,-279,-279,-286,-277,-277,-287,-347,-305,-302,-291,-283,-292,-370,-370,-448,-435,-588,-567,-939,-895,-876,-676,-646,-561,-550,-539,-580,-556,-872,-830,-956,-956,-1004,-968,-1050,-917,-3119,-2067,-29977,-29978,-6710,-29974,-29979,-29980,-29994,-29991,-29995,-29989]} 1. e4 e5 2. Nf3 Nc6 3. Bb5 a6 4. Ba4 Nf6 5. O-O Be7 6. d3 b5 7. Bb3 d6 8. Bd2 O-O 9. Re1 Nb8 10. a4 Bb7 11. Nc3 {[%cal Bb1c3,Bc3e2,Be2g3,Bg3f5][%mdl 32] C88: Closed Ruy Lopez: Anti-Marshall Systems} (11. axb5 axb5 12. Rxa8 Bxa8 13. Nc3 c6 14. Ne2 Nbd7 15. Ng3 Nc5 16. Ba2 Ne6 17. Nf5 Bb7 18. b4 Bc8 19. c3 Re8 20. d4 Qc7 21. Nxe7+ Rxe7 {1-0 (43) McShane,L (2671)-Pein,M (2357) London 2016}) 11... b4 12. Ne2 c5 $146 ({Predecessor:} 12... a5 13. Ng3 Bc8 14. c3 c5 15. d4 exd4 16. cxd4 Bg4 17. e5 dxe5 18. dxe5 Nfd7 {1-0 (35) Postler,R (2268)-Nilsen,K (1908) Kaunas 2012}) 13. Ng3 {White is slightly better.} Nc6 14. Nf5 Bc8 15. Nxe7+ Nxe7 16. c3 a5 17. d4 Ng6 18. dxc5 dxc5 19. Be3 Qc7 (19... Qe7 $11) 20. Bd5 (20. cxb4 $16 axb4 21. Qc2) 20... Nxd5 21. Qxd5 Ra6 22. cxb4 cxb4 23. Rac1 Qb7 24. Red1 Qxd5 25. exd5 Bd7 26. b3 f6 27. Rc7 (27. Nd2 $14) 27... Rd8 $11 28. h3 {[#]} (28. Ra7 $11 {keeps the balance.} Rxa7 29. Bxa7) 28... Bf5 (28... Be6 $1 $17) 29. Bc5 $2 {[%mdl 8192]} (29. Rd2 $11 {and White is okay.}) 29... Bc2 $19 30. Rd2 Bxb3 31. d6 Bxa4 32. d7 {Strongly threatening Rc8.} Rc6 33. Rxc6 Bxc6 34. Rd6 Ba4 ({Not} 34... Rxd7 35. Rxc6 b3 36. Rb6 $17) 35. Ra6 Bxd7 36. Rxa5 b3 {White must now prevent ...b2.} 37. Ba3 Bc6 38. Ra6 Bxf3 39. gxf3 {[%mdl 4096] Endgame KRB-KRN} Rb8 40. Bb2 Nh4 41. Kf1 Nxf3 42. Ra4 h5 {[%cal Bh7h5,Bh5h4,Bh4h3,Bh3h2][%mdl 32]} 43. Ke2 Ng1+ 44. Ke3 Nxh3 45. Ra7 Nf4 46. Ke4 h4 47. Kf5 h3 48. f3 h2 49. Ra1 Rc8 50. Rh1 {Black mates.} Rc2 51. Ba3 b2 52. Ke4 {[#]} Rc1 $1 {Precision: White = 39%, Black = 49%.} 0-1

[Event "RUS-chT Blitz Men 2018"]
[Site "Sochi"]
[Date "2018.10.10"]
[Round "11"]
[White "Ponkratov, Pavel"]
[Black "Zvjaginsev, Vadim"]
[Result "1-0"]
[WhiteElo "2628"]
[BlackElo "2644"]
[Annotator "TA"]
[PlyCount "91"]
[EventDate "2018.10.10"]
[EventType "swiss"]
[EventCountry "RUS"]
[SourceTitle "playchess.com"]
[Source "ChessBase"]
[SourceQuality "1"]

{[%evp 13,91,18,20,-3,11,0,0,5,0,-14,14,15,19,35,15,15,12,12,106,112,95,110,104,84,70,34,42,25,91,90,106,106,100,107,106,123,114,84,72,82,101,83,85,83,95,83,177,148,178,166,152,10,10,10,10,10,68,72,75,68,234,56,370,375,366,352,475,341,784,727,805,805,1254,1254,1897,1871,1924,781,29977,29978]} 1. e4 c5 2. Nf3 Nc6 3. d4 cxd4 4. Nxd4 g6 5. Nb3 Bg7 6. Nc3 d6 7. Be2 {B34: Sizilianisch (Beschleunigtes Fianchetto)} Be6 {LiveBook: 3 Partien} (7... Bxc3+ 8. bxc3 Nf6 9. f3 O-O 10. Bg5 Qc7 11. O-O Rd8 12. Qd2 Be6 13. Nd4 Nxd4 14. cxd4 Bc4 {½-½ (37) Smirin,I (2674)-Grischuk,A (2751) Novi Sad 2016}) 8. Be3 $146 ({Vorgänger:} 8. O-O Bxc3 9. bxc3 Nf6 10. Bd3 O-O 11. f4 d5 12. e5 Qb6+ 13. Kh1 Ne4 14. Qe1 Bf5 {1-0 (29) Fakhrutdinov,T (2441)-Galiana Fernandez,A (2205) Mamaia 2017}) 8... Rc8 9. O-O {Die Stellung ist ausgeglichen.} Bxc3 10. bxc3 Nf6 11. Nd4 Qd7 12. Bd3 O-O 13. f4 Ng4 14. Bd2 Nxd4 15. cxd4 {[%cal Bc3d4,Bd4d5][%mdl 32] [#] Droht d5 und aus.} f5 (15... Qa4 $11 16. c3 Qxd1 17. Rfxd1 Bc4 18. Bxc4 Rxc4) 16. d5 $16 Bf7 17. exf5 gxf5 18. Qf3 Nf6 19. c4 b5 $1 {[%cal Rb5c4]} 20. Qh3 Bg6 (20... Ng4 $11 {hält das Gleichgewicht.}) 21. cxb5 Qb7 22. Bxf5 Bxf5 23. Qxf5 Qxd5 24. Qxd5+ Nxd5 25. a4 Rc2 26. Rf2 Nxf4 27. Be3 Rxf2 28. Bxf2 {[%mdl 4096] Endspiel KTL-KTS} Ne2+ 29. Kf1 Nd4 (29... Nc3 $16 {ist wohl besser.}) 30. Ra2 e5 31. g3 Rf3 32. Kg2 (32. Rd2 $16) 32... Rb3 $1 $11 33. Bxd4 exd4 {KT-KT} 34. Rc2 {[#] Tc7 ist eine echte Drohung.} d3 ({Lieber} 34... Rb4 $11) 35. Rc8+ $14 Kf7 {Weiss muss nun ...d2 beachten.} 36. Kf2 Ke6 $2 ({Besser ist} 36... Rb4 $1 $14) 37. Rc7 $2 (37. Ke3 $18) 37... Rb2+ $2 {[%mdl 8192]} (37... Rb4 $14) 38. Ke3 $18 d2 39. Ke2 Kd5 40. Rxa7 Kd4 $2 (40... h5 41. Rh7 Kc5 42. Rxh5+ d5) 41. Rxh7 d1=Q+ 42. Kxd1 Kd3 43. Kc1 Rc2+ 44. Kb1 d5 45. Rd7 Rc5 46. b6 {Precision: Weiß = 54%, Schwarz = 28%.} 1-0